[Event "DRUGA LIGA CENTRALNE SRBIJE - ISTOK 2017"]
[Site "Srebrno jezero"]
[Date "2017.10.08"]
[Round "11.2"]
[White "Spasojevic, Zoran M"]
[Black "Petrov, Georgi"]
[Result "1-0"]
[WhiteElo "2226"]
[BlackElo "2227"]
[PlyCount "84"]
[EventDate "2017.09.08"]

1. c4 c5 2. Nc3 g6 3. Nf3 Bg7 4. g3 Nc6 5. Bg2 d6 6. O-O Nh6 7. d3 Nf5 8. Rb1
O-O 9. a3 Rb8 10. Bd2 a6 11. b4 cxb4 12. axb4 b5 13. Nh4 Ne5 14. Nxf5 Bxf5 15.
cxb5 axb5 16. Nd5 Bd7 17. Bg5 Re8 18. Qd2 Nc6 19. Rfc1 Nd4 20. Kf1 Bg4 21. f3
Be6 22. Nc7 Rf8 23. Nxe6 Nxe6 24. Be3 Qd7 25. f4 Rfc8 26. Bh3 f5 27. Qa2 Kf8
28. Bg2 Nd8 29. Qa7 Qe6 30. Kf2 Bf6 31. Qa6 Rc3 32. Rxc3 Bxc3 33. Ba7 Rc8 34.
Bd5 Qd7 35. Be3 Bf6 36. Rc1 Rxc1 37. Bxc1 Bc3 38. Qa3 Bd4+ 39. e3 Bf6 40. Bb2
Qc7 41. Bxf6 exf6 42. Qb2 Kg7 1-0

[Event "DRUGA LIGA CENTRALNE SRBIJE - ISTOK 2017"]
[Site "Srebrno jezero"]
[Date "2017.10.08"]
[Round "11.2"]
[White "Mincic, Srbislav"]
[Black "Popovic, Djordje D"]
[Result "1-0"]
[WhiteElo "2191"]
[BlackElo "2247"]
[PlyCount "67"]
[EventDate "2017.09.08"]

1. e4 c5 2. Nc3 Nc6 3. Bb5 Nd4 4. Nge2 a6 5. Bd3 Nc6 6. Ng3 g6 7. O-O Bg7 8. f4
d6 9. Nd5 Nf6 10. c3 O-O 11. Be2 Rb8 12. d3 b5 13. Bf3 Bd7 14. Be3 b4 15. Qd2
bxc3 16. bxc3 Qa5 17. Nxf6+ Bxf6 18. e5 dxe5 19. Ne4 Bg7 20. Nxc5 Be8 21. Nb3
Qd8 22. Rae1 Rc8 23. Bc5 Bd7 24. fxe5 Nxe5 25. d4 Nxf3+ 26. Rxf3 Re8 27. Bb4
Bc6 28. Rf2 e5 29. Ba5 Qh4 30. d5 Bh6 31. Qd1 Bd7 32. d6 Qc4 33. Qe2 f5 34. Rd1
1-0

[Event "DRUGA LIGA CENTRALNE SRBIJE - ISTOK 2017"]
[Site "Srebrno jezero"]
[Date "2017.10.08"]
[Round "11.2"]
[White "Stefanovic, Vladimir"]
[Black "Tonic, Milos"]
[Result "1/2-1/2"]
[WhiteElo "2238"]
[BlackElo "2021"]
[PlyCount "52"]
[EventDate "2017.09.08"]

1. c4 e5 2. g3 Nf6 3. Bg2 d5 4. cxd5 Nxd5 5. Nc3 Nb6 6. Nf3 Nc6 7. O-O Be7 8.
d3 O-O 9. a3 Be6 10. b4 a6 11. Bb2 f5 12. Rc1 Kh8 13. Na4 Nxa4 14. Qxa4 Bf6 15.
Rxc6 bxc6 16. Nxe5 Bd5 17. e4 fxe4 18. dxe4 Bxe5 19. Bxe5 Re8 20. Bxg7+ Kxg7
21. exd5 cxd5 22. Rd1 Qd6 23. Bxd5 Rad8 24. Bf3 Qf6 25. Kg2 Rf8 26. Qb3 Rxd1
1/2-1/2

[Event "DRUGA LIGA CENTRALNE SRBIJE - ISTOK 2017"]
[Site "Srebrno jezero"]
[Date "2017.10.08"]
[Round "11.2"]
[White "Dimitrijevic, Dusan"]
[Black "Blagojevic, Vladan"]
[Result "0-1"]
[WhiteElo "2109"]
[BlackElo "2065"]
[PlyCount "69"]
[EventDate "2017.09.08"]

1. e4 c5 2. Nc3 g6 3. g3 Bg7 4. Bg2 Nc6 5. d3 d6 6. Nf3 Nf6 7. O-O Bg4 8. Ne2
O-O 9. c3 Qd7 10. Re1 c4 11. Nf4 cxd3 12. Qxd3 Bxf3 13. Qxf3 Qc7 14. Nd5 Nxd5
15. exd5 Ne5 16. Qe4 Rfe8 17. Bf1 a6 18. f4 Ng4 19. Qf3 Qb6+ 20. Kg2 Nf6 21.
Bc4 Nd7 22. Re2 Qc7 23. Bb3 b5 24. Be3 a5 25. Rd1 a4 26. Bc2 a3 27. b3 Bxc3 28.
Bd3 Qa5 29. Qg4 Nf6 30. Qg5 b4 31. Bb1 e6 32. Kf3 Nxd5 33. Be4 Ne7 34. Qxa5
Rxa5 35. Rxd6 0-1

[Event "DRUGA LIGA CENTRALNE SRBIJE - ISTOK 2017"]
[Site "Srebrno jezero"]
[Date "2017.10.08"]
[Round "11.2"]
[White "Jovanovic, Darko"]
[Black "Stanojevic, Ilija"]
[Result "1/2-1/2"]
[WhiteElo "1945"]
[BlackElo "2056"]
[PlyCount "48"]
[EventDate "2017.09.08"]

1. d4 d5 2. c4 dxc4 3. Nf3 Nf6 4. Nc3 a6 5. a4 Nc6 6. Bg5 Bf5 7. Bxf6 exf6 8.
e3 Na5 9. Nd2 Bb4 10. Nxc4 O-O 11. Nxa5 Bxa5 12. Bd3 Qd7 13. O-O Rfe8 14. Bxf5
Qxf5 15. Qb3 Rab8 16. Rfc1 c6 17. Qc4 Bc7 18. b4 Qh5 19. g3 Qf3 20. Qe2 Qf5 21.
Qc4 h5 22. b5 h4 23. bxc6 hxg3 24. hxg3 bxc6 1/2-1/2

[Event "DRUGA LIGA CENTRALNE SRBIJE - ISTOK 2017"]
[Site "Srebrno jezero"]
[Date "2017.10.08"]
[Round "11.2"]
[White "Najdanovic, Veljko"]
[Black "Milosevic, Aleksandar J"]
[Result "0-1"]
[WhiteElo "1646"]
[BlackElo "1970"]
[PlyCount "106"]
[EventDate "2017.09.08"]

1. d4 c5 2. c3 d5 3. Bf4 Nc6 4. e3 Nf6 5. Nd2 e6 6. Ngf3 g6 7. Be2 cxd4 8. exd4
Bg7 9. O-O O-O 10. Ne5 Nd7 11. Nxc6 bxc6 12. Qa4 Qb6 13. b4 e5 14. dxe5 Nxe5
15. Rac1 Re8 16. Nf3 Ng4 17. Bd3 Bd7 18. Qc2 Rac8 19. h3 Nh6 20. Be3 Rxe3 21.
fxe3 Qxe3+ 22. Kh1 Bf5 23. Bxf5 Nxf5 24. Rfe1 Qf4 25. Qf2 h5 26. a4 Rc7 27. a5
Bh6 28. Re8+ Kh7 29. Rce1 Nd6 30. R8e7 Ne4 31. Ng5+ Bxg5 32. Qxf4 Bxf4 33. Rxc7
Bxc7 34. Kg1 Bg3 35. Rc1 Kg7 36. c4 d4 37. Rd1 Nc3 38. Rd3 Bd6 39. c5 Be5 40.
Kf1 Kf6 41. Ke1 Ke6 42. Kd2 Kd5 43. Kc2 Kc4 44. Rf3 f6 45. g4 hxg4 46. hxg4
Kxb4 47. Rf1 Kc4 48. Rg1 Kb4 49. g5 f5 50. Rh1 Kc4 51. Rh4 Ne4 52. Kd1 d3 53.
Rh2 Bxh2 0-1

[Event "DRUGA LIGA CENTRALNE SRBIJE - ISTOK 2017"]
[Site "Srebrno jezero"]
[Date "2017.10.08"]
[Round "11.2"]
[White "Radisavljevic, Dalibor"]
[Black "Djelic, Jovan"]
[Result "1-0"]
[WhiteElo "1871"]
[BlackElo "1491"]
[PlyCount "92"]
[EventDate "2017.09.08"]

1. e4 g6 2. d4 Bg7 3. c4 d6 4. Nf3 Nd7 5. Nc3 c6 6. Be2 e5 7. dxe5 Nxe5 8. O-O
Ne7 9. Be3 O-O 10. Nxe5 dxe5 11. Qxd8 Rxd8 12. Rad1 Be6 13. Rxd8+ Rxd8 14. Bxa7
Rd2 15. Rb1 f5 16. f3 Bh6 17. Bf2 Nc8 18. Be1 Be3+ 19. Kf1 Rd4 20. b3 f4 21.
Rd1 Kf7 22. Rxd4 Bxd4 23. Bd3 Nd6 24. Ne2 Bb2 25. Bb4 Ke7 26. Ke1 b6 27. Kd1 c5
28. Bd2 g5 29. Kc2 Bd4 30. Nxd4 exd4 31. g3 fxg3 32. Bxg5+ Ke8 33. hxg3 Nf7 34.
Bf4 Kd7 35. g4 Nd6 36. e5 Nf7 37. Bxh7 Ke8 38. Bg6 Ke7 39. Bxf7 Kxf7 40. Bg5
Ke8 41. Kd3 Bf7 42. f4 Bg6+ 43. f5 Bh7 44. e6 Bg8 45. Ke4 Kf8 46. Bd8 Ke8 1-0

[Event "DRUGA LIGA CENTRALNE SRBIJE - ISTOK 2017"]
[Site "Srebrno jezero"]
[Date "2017.10.08"]
[Round "11.3"]
[White "Livaja, Mario"]
[Black "Pezelj, Sinisa"]
[Result "1-0"]
[WhiteElo "2314"]
[BlackElo "2273"]
[PlyCount "103"]
[EventDate "2017.09.08"]

1. d4 e6 2. c4 d5 3. Nc3 Nf6 4. Nf3 Nbd7 5. Bg5 Be7 6. e3 h6 7. Bh4 O-O 8. Qc2
b6 9. cxd5 exd5 10. Bd3 c5 11. O-O Bb7 12. Rad1 Rc8 13. Bf5 cxd4 14. exd4 Ne4
15. Bxe7 Qxe7 16. Ne5 Nxe5 17. Bxc8 Rxc8 18. dxe5 Qxe5 19. Qe2 Qg5 20. Nxe4
dxe4 21. Qd2 Qg6 22. Rc1 Rf8 23. Qd7 Ba6 24. Rfe1 f5 25. Qxa7 Bd3 26. Qd7 f4
27. Rc6 Qg5 28. Rc8 Rxc8 29. Qxc8+ Kh7 30. a3 f3 31. g3 Qa5 32. Re3 Be2 33. Rc3
Qd5 34. h3 Bb5 35. Rc1 Bd7 36. Qc4 Qe5 37. Re1 Bf5 38. Qc3 Qb5 39. Qd4 Qc6 40.
Qe5 Be6 41. h4 h5 42. g4 Qc8 43. gxh5 Qc4 44. Qg3 Qd5 45. Qg5 Qxg5+ 46. hxg5
Bf5 47. Rc1 g6 48. hxg6+ Kxg6 49. Rc7 Kxg5 50. Rg7+ Kf4 51. Rc7 b5 52. Kf1 1-0

[Event "DRUGA LIGA CENTRALNE SRBIJE - ISTOK 2017"]
[Site "Srebrno jezero"]
[Date "2017.10.08"]
[Round "11.3"]
[White "Bura, Goran"]
[Black "Zivkovic, Marko"]
[Result "0-1"]
[WhiteElo "2231"]
[BlackElo "2194"]
[PlyCount "104"]
[EventDate "2017.09.08"]

1. d4 Nf6 2. Nf3 g6 3. Nc3 d5 4. Bf4 Bg7 5. e3 O-O 6. Be2 c5 7. O-O Nc6 8. Ne5
Bf5 9. Nxc6 bxc6 10. Be5 Nd7 11. Bxg7 Kxg7 12. g4 Be6 13. f4 f6 14. Rf2 cxd4
15. exd4 Rb8 16. Na4 Qa5 17. c3 c5 18. f5 Bf7 19. Nxc5 Nxc5 20. b4 Qa3 21. dxc5
a5 22. Qb3 axb4 23. cxb4 Qxb3 24. axb3 Rxb4 25. Rc1 Rxb3 26. Ba6 Ra8 27. c6
Rxa6 28. c7 Ra8 29. c8=Q Rxc8 30. Rxc8 Re3 31. Rd2 Re5 32. Rc7 gxf5 33. gxf5
Bh5 34. Rd3 Be2 35. Rg3+ Kf7 36. Rc5 Rxf5 37. Re3 Bf3 38. Kf2 Be4+ 39. Ke1 Rg5
40. Rh3 e5 41. Rh4 h5 42. Rh3 d4 43. Rg3 Kg6 44. Rxg5+ Kxg5 45. Kf2 Kf4 46. Ke2
Bf3+ 47. Kd2 e4 48. Rc7 e3+ 49. Kd3 Be4+ 50. Kxd4 e2 51. Rc1 Kf3 52. Kc3 Ke3
0-1

[Event "DRUGA LIGA CENTRALNE SRBIJE - ISTOK 2017"]
[Site "Srebrno jezero"]
[Date "2017.10.08"]
[Round "11.3"]
[White "Kulak, Dejan"]
[Black "Rajkovic, Aleksandar"]
[Result "1/2-1/2"]
[WhiteElo "2180"]
[BlackElo "2205"]
[PlyCount "90"]
[EventDate "2017.09.08"]

1. e4 Nc6 2. Nf3 e5 3. Bc4 Nf6 4. d3 Be7 5. O-O O-O 6. Re1 d6 7. c3 Na5 8. Bb5
c6 9. Ba4 b5 10. Bc2 Bg4 11. Nbd2 Qc7 12. h3 Bh5 13. Nf1 Rfe8 14. Ng3 Bg6 15.
Nh4 Rad8 16. Nhf5 d5 17. Qf3 dxe4 18. dxe4 Nc4 19. Re2 Nd6 20. Nxe7+ Rxe7 21.
Bg5 Nde8 22. a4 a6 23. h4 h6 24. Be3 Qc8 25. h5 Bh7 26. Bb6 Nc7 27. axb5 cxb5
28. Bb3 Qb7 29. Qe3 Rc8 30. Bc5 Ree8 31. Ba3 Ne6 32. Bxe6 Rxe6 33. Rd2 Qc6 34.
Bb4 Qb6 35. Qxb6 Rxb6 36. Rad1 Re6 37. Rd6 Rce8 38. Rd8 Rxd8 39. Rxd8+ Re8 40.
Rd6 Re6 41. Rd3 g6 42. Rd8+ Re8 43. Rd6 Re6 44. hxg6 Bxg6 45. Rd3 Kg7 1/2-1/2

[Event "DRUGA LIGA CENTRALNE SRBIJE - ISTOK 2017"]
[Site "Srebrno jezero"]
[Date "2017.10.08"]
[Round "11.3"]
[White "Zivanovic, Zoran M"]
[Black "Stankovic, Dejan"]
[Result "1-0"]
[WhiteElo "2022"]
[BlackElo "2222"]
[PlyCount "65"]
[EventDate "2017.09.08"]

1. e4 e5 2. Nf3 Nf6 3. Nc3 Bb4 4. Bc4 O-O 5. Nd5 Nxd5 6. Bxd5 c6 7. Bb3 d5 8.
Qe2 Bg4 9. h3 Bh5 10. c3 Ba5 11. d3 d4 12. Bd2 dxc3 13. Bxc3 Bxf3 14. Qxf3 Nd7
15. O-O Bb6 16. Qg3 Qe7 17. Kh1 Rad8 18. f4 Bc7 19. Rad1 c5 20. Rf3 Kh8 21.
Rdf1 f6 22. f5 b5 23. Qh4 Nb6 24. Be6 b4 25. Bd2 Na4 26. Bc1 Rd6 27. Bb3 Nb6
28. Rg3 Rxd3 29. Rxd3 c4 30. Bxc4 Nxc4 31. Rfd1 Rd8 32. Qe1 Rxd3 33. Rxd3 1-0

[Event "DRUGA LIGA CENTRALNE SRBIJE - ISTOK 2017"]
[Site "Srebrno jezero"]
[Date "2017.10.08"]
[Round "11.3"]
[White "Ivanovic, Veljko"]
[Black "Dubravcic, Nikola"]
[Result "1-0"]
[WhiteElo "1962"]
[BlackElo "1823"]
[PlyCount "29"]
[EventDate "2017.09.08"]

1. d4 d5 2. c4 dxc4 3. e3 Nf6 4. Nc3 e6 5. Nf3 Nbd7 6. Bxc4 Bd6 7. O-O O-O 8.
e4 e5 9. Bg5 c6 10. d5 Qb6 11. dxc6 Qxc6 12. Qe2 a6 13. Rac1 b5 14. Nxb5 axb5
15. Bxf7+ 1-0

[Event "DRUGA LIGA CENTRALNE SRBIJE - ISTOK 2017"]
[Site "Srebrno jezero"]
[Date "2017.10.08"]
[Round "11.3"]
[White "Kandjolas, Konstantin"]
[Black "Petrovic, Dusan"]
[Result "0-1"]
[WhiteElo "1869"]
[BlackElo "1873"]
[PlyCount "62"]
[EventDate "2017.09.08"]

1. d4 d5 2. Nf3 Nf6 3. Bf4 c6 4. c3 h6 5. e3 Bf5 6. h3 e6 7. Nbd2 Qb6 8. Qb3
Nbd7 9. Be2 Be7 10. O-O c5 11. c4 O-O 12. Rac1 Rac8 13. Rfd1 Rfd8 14. Bh2 Bh7
15. cxd5 Nxd5 16. Qxb6 N7xb6 17. Nc4 Nxc4 18. Bxc4 Nb6 19. Be2 cxd4 20. Nxd4
Nd5 21. Bf3 Bg6 22. Bg3 Bf6 23. e4 Rxc1 24. Rxc1 Bxd4 25. exd5 exd5 26. Rd1
Bxb2 27. Bxd5 b6 28. Rd2 Rxd5 29. Rxb2 Bd3 30. a4 a5 31. Bc7 Bc4 0-1

[Event "DRUGA LIGA CENTRALNE SRBIJE - ISTOK 2017"]
[Site "Srebrno jezero"]
[Date "2017.10.08"]
[Round "11.5"]
[White "Raicevic, Ivica"]
[Black "Zivic, Jovan"]
[Result "1/2-1/2"]
[WhiteElo "2174"]
[BlackElo "1979"]
[PlyCount "22"]
[EventDate "2017.09.08"]

1. c4 e6 2. Nc3 d5 3. d4 Nf6 4. cxd5 exd5 5. Bg5 c6 6. e3 Bf5 7. Bd3 Bxd3 8.
Qxd3 Nbd7 9. Nf3 h6 10. Bh4 Bd6 11. O-O O-O 1/2-1/2